Quizduell Fragen – Einfach #3 - Statistiken

Allgemein
  • Dieses Quiz wurde 1.252 mal gespielt
  • Das Durchschnittsergebnis liegt bei 12 aus 19
Antwortstatistiken
Kategorie Frage Antwort % Korrekt
Rund um die Welt In welcher Stadt befindet sich „Big Ben“? London
95%
Comics Welche Farbe hat Donald Ducks Auto hauptsächlich? Rot
93%
Computerspiele Wofür steht „WoW“? World of Warcraft
92%
Macht & Geld Wie viele verschiedene Euro-Münzenwerte gibt es in Deutschland? 8
90%
Im Labor Wie wird diese Zahlenfolge korrekt fortgeführt? 0,1,1,2,3,5,8,13,... 21
85%
Medien & Unterhaltung Bei welchem Fernsehsender sind die Mainzelmännchen zu sehen? ZDF
81%
Wunder der Technik Wie lautet die Abkürzung für eine Leuchtdiode? LED
74%
Kunst & Kultur In welcher Sprache wird das „h“ als Anfangskonsonant gemeinhin NICHT ausgesprochen? Französisch
72%
TV-Serien In welcher Serie gibt es den „Bro Code“? How I Met Your Mother
67%
Körper & Geist Wie viel Blut wird in Deutschland bei einer Blutspende normalerweise gespendet? 500ml
63%
Bücher & Wörter Wo spielt „Der Herr der Ringe“? Mittelerde
63%
Musik & Hits Wer sang den WM-Hit 2014 „Auf uns“? Andreas Bourani
62%
Kinofilme Wer spielt Lara Croft im Film „Tomb Raider“? Angelina Jolie
54%
Sport & Freizeit Wie heißt die Person, die beim Golf die Schlägertasche trägt? Caddie
49%
Zeugen der Zeit Wie hieß Chemnitz von 1953 bis 1990? Karl-Marx-Stadt
48%
Essen & Trinken Wie hieß der Schokoriegel „Twix“ früher? Raider
48%
Die 2000er Welche deutsche Sängerin bekam 2011 ihre eigene Fernsehshow? Helene Fischer
42%
Glaube & Religion Was bedeutet „ora et labora“ auf Deutsch? Bete und arbeite
36%
Draußen im Grünen Was zeigt der sogenannte Schwänzeltanz der Bienen? Futterquelle
16%
Keine übereinstimmenden Quizze gefunden
Verteilung der Resultate
Anzahl Personen mit jedem Resultat
Perzentil nach korrekt beantworteten Fragen
Ihre Resultats-Entwicklung
Sie haben dieses Quiz noch nicht gespielt